000 00494nam a2200169 i 4500
001 bg
100 1 _aDYLĄG, Michał
245 0 _aAnaliza wybranych zagadnień oceny pracy mieszalnika mechanicznego do wytwarzania układów rozproszonych /
_cMichał Dyląg.
260 _aKraków,
_c1979.
490 1 _aZeszyt Naukowy ;
_vnr 10
830 _aZeszyt Naukowy ;
040 _cBPK
041 _apol
080 _a66.02/.09:621.929
942 _cKS
008 s pl f |000 0 pol
999 _c19128
_d19128
856 _uhttp://koha.tu.koszalin.pl/cgi-bin/koha/opac-detail.pl?biblionumber=19128
_yKatalog online BPK